| 000 | 00718nam a2200241 a 4500 | ||
|---|---|---|---|
| 001 | BRL_1088 | ||
| 005 | 20190320211029.0 | ||
| 008 | 081113s1939----mx-ao#####---#000-0#spa-# | ||
| 041 | _aspa | ||
| 044 | _amx | ||
| 050 | 4 |
_aNK4032 _b.C47 1939 |
|
| 100 | 1 |
_aCervantes, Enrique A. _9383 |
|
| 245 | 1 | 0 |
_aLoza blanca y azulejo de Puebla _ctexto, fotografías y dibujos de Enrique A. Cervantes. |
| 260 |
_aMexico _b[s.n.] _c1939 |
||
| 300 |
_a2 v. _bil. algunas a color. _c29 cm. |
||
| 500 | _aEjemplar número 375 de dos mil | ||
| 500 | _av.1. Au1236, v.2 Au1235 | ||
| 650 | 1 | 4 |
_aCerámica mexicana _925777 |
| 650 | 1 | 4 |
_aAzulejos poblanos _97260 |
| 650 | 1 | 4 |
_aCerámica _zPuebla _925778 |
| 902 | _aGRL | ||
| 942 |
_2lcc _cB |
||
| 999 |
_c9900 _d9900 |
||